000 00820nam a2200229Ia 4500
001 8948
003 GE_BSU
008 181216s||||||||xx |||||||||||||| ||und||
040 _cGE_BSU
080 _a821.353.1-2
100 _aკასრაძე,დავით
245 _aლეგენდა რუსთაველზე
245 _bჰეროიკულ–დრამატული პოემა
245 _cრედ. შ.ნუცუბიძე.მხატვ.ი.ჯანაშვილი
260 _aბათუმი
260 _bსახელგამი
260 _c1962
300 _a126გვ.17სმ.
653 _aლეგენდა რუსთაველზე
653 _aჰეროიკულ–დრამატული პოემა
942 _cBK
999 _c42253
_d42253